00549nam a22001577a 450000500170000001000150001702000260003203500140005803700090007208200080008124500970008926000450018627001110023130000200034270000290036220220321151509.0 aENG-132048 a9789387234956c150.00 aEN-115580 bDBAD a485 aCoral's Premier Book of Precis Writing Drafting & Report Writing/cEdited by Shrinivasan, S. aChennai bUnique Media Integratorsc2019 a#8, 6th Cross, 8th Main Road, Vaishnavi Nagar, ThirumullaivoyalbChennaie600109mcoralbooks2016@gmail.com a192pc21cm(pbk) aEdited by S, Shrinivasan